La théorie de la suspension du contrat de travail et ses applications practiques dans le droit des pays membres de la communauté européenne

Saved in:
Bibliografiske detaljer
Hovedforfatter: Yamaguchi, Toshio (Author)
Format: Bog
Sprog:fransk
Udgivet: París Librairie Générale de Droit et de Jurisprudence 1963
Serier:Bibliothéque d'Ouvrages de Droit Social, 4
Fag:
Tags: Tilføj Tag
Ingen Tags, Vær først til at tagge denne postø!

MARC

LEADER 00000nam a2200000 a 4500
001 UCT8854
003 CL-VaPUC
008 970326e19630000FR |||||||||||||||||fre|d
082 0 4 |a 344.018  |b YAM  |2 21 
100 0 |a Yamaguchi, Toshio  |e author  |9 381000 
245 1 3 |a La théorie de la suspension du contrat de travail et ses applications practiques dans le droit des pays membres de la communauté européenne 
300 |a 514 p 
942 |c BK 
945 |d 19970326 00:00:00  |a paguirre 
260 |a París  |b Librairie Générale de Droit et de Jurisprudence  |c 1963 
600 0 7 |a COMUNIDAD ECONOMICA EUROPEA  |2 CL-VaPUC  |9 381001 
650 7 |a DERECHO LABORAL  |2 CL-VaPUC  |9 15 
650 7 |a CONTRATO DE TRABAJO  |2 CL-VaPUC  |9 381002 
650 0 |a Término del contrato de trabajo  |9 381003 
651 0 |a Europa  |9 255156 
583 |a last modification  |c 20170711 04:36:17  |k Rodrigo Vera 
490 0 |a Bibliothéque d'Ouvrages de Droit Social, 4 
999 |c 257327  |d 257325 
952 |0 0  |1 0  |4 0  |6 344_018000000000000_YAM_1963  |7 0  |8 A  |9 280710  |a BIBDER  |b BIBDER  |d 2019-11-19  |i 1818678  |o 344.018 YAM 1963  |p 1818678  |r 2023-01-25  |w 2019-11-19  |y BK  |k DER